00681nas a2200229 4500001001000000003000900010005001700019007000300036008003400039040005400073041000900127072000800136100001700144100001800161100001700179100001900196245010200215650001300317650001400330650001400344773009300358BR8700497BR-BrBNA20231205090549.0ta230509b bl.|||p| |||| 00| 00por d aBR-BrBNAbporcBiblioteca Nacional de Agricultura a(Pt) aF011 aPompeu, A.S.1 aGerin, M.A.N.1 aArruda, F.B.1 aBortoletto, N.1 aProdutividade do amendoim (Arachis hypogaea)no cultivo de inverno no estado de Sao Paulo [Brasil] aAMENDOIM aVARIEDADE aSAO PAULO0 tCiencia e Cultura (Brazil)xISSN 0009-6725g(Jun 1986), v. 38(6) p. 1080-1083wBR8700497